000 00691nam a2200229Ia 4500
003 OSt
005 20220923212009.0
006 a|||||r|||| 00| 0
007 ta
008 Pun
024 _a102,624
037 _cTextual
040 _aARTS
_cARTS
_bPun
041 _2Pun
_aPun
082 _aV236M72:51, 153J6
100 _aਚਕ੍ਰਵਰਤੀ, ਇੰਦਰ ਸਿੰਘ
245 0 _aਕੂਕਿਆਂ ਬਾਰੇ
260 _aਪਟਿਆਲਾ
_b ਪੂਰਨ ਸਿੰਘ
_c1956
650 _aਭਾਰਤੀਯ ਇਤਿਹਾਸ
942 _hV236M72:51, 153J6
_cTEXL
_2CC
999 _c305293
_d305293